00353nam a2200145Ia 45000030006000000080041000060400015000471000023000622450029000852500006001142600050001203000006001705460014001760050017001900STCL150530s9999 xx 000 0 und d aSTCLcSTCL aArthur Conan Doyle aSherlock Holmes Kathakal a2 bMathrubhumi press; Kozhikodec2008aKozhikode a0 aMalayalam20220125171642.0